5HLuxD.jpg

KING HENRY VIII SENIOR AND PRIMARY SCHOOL LIBRARY OPAC

Super freakonomics : (Record no. 251)

000 -LEADER
fixed length control field 01839cam a2200349 a 4500
001 - CONTROL NUMBER
control field .b23437017
003 - CONTROL NUMBER IDENTIFIER
control field OSt
005 - DATE AND TIME OF LATEST TRANSACTION
control field 20190802113539.0
008 - FIXED-LENGTH DATA ELEMENTS--GENERAL INFORMATION
fixed length control field 170815s2011 nyuaf g 001 0 eng d
020 ## - INTERNATIONAL STANDARD BOOK NUMBER
International Standard Book Number 9780060889586
Qualifying information (pbk.) :
040 ## - CATALOGING SOURCE
Original cataloging agency GZD
Transcribing agency GZD
Modifying agency GZD
-- BTCTA
-- TXNPS
-- YDXCP
-- MEAUC
-- NHA
-- M$K
-- BDX
-- HIR
-- FCU
041 0# - LANGUAGE CODE
Language code of text/sound track or separate title eng
042 ## - AUTHENTICATION CODE
Authentication code nbic
044 ## - COUNTRY OF PUBLISHING/PRODUCING ENTITY CODE
MARC country code xxu
Local subentity code nyu
082 0# - DEWEY DECIMAL CLASSIFICATION NUMBER
Classification number 330 LEV
100 1# - MAIN ENTRY--PERSONAL NAME
Personal name Levitt, Steven D.
Relator term author
245 10 - TITLE STATEMENT
Title Super freakonomics :
Remainder of title global cooling, patriotic prostitutes, and why suicide bombers should buy life insurance /
Statement of responsibility, etc. Steven D. Levitt & Stephen J. Dubner.
246 33 - VARYING FORM OF TITLE
Title proper/short title Superfreakonomics.
250 ## - EDITION STATEMENT
Edition statement 1st Harper Perennial ed.
260 ## - PUBLICATION, DISTRIBUTION, ETC.
Place of publication, distribution, etc. New York, NY :
Name of publisher, distributor, etc. Harper Perennial,
Date of publication, distribution, etc. 2011.
300 ## - PHYSICAL DESCRIPTION
Extent xvii, 297 p. [16] p. of col. plates :
Other physical details ill. ;
Dimensions 21 cm.
500 ## - GENERAL NOTE
General note "The explosive follow-up to Freakonomics"--Cover.
500 ## - GENERAL NOTE
General note "With new material, including 16 pages of color illustrations and an author Q & A"--Cover.
504 ## - BIBLIOGRAPHY, ETC. NOTE
Bibliography, etc. note Includes bibliographical references and index.
505 0# - FORMATTED CONTENTS NOTE
Formatted contents note Introduction: Putting the freak in economics -- How is a street prostitute like a department-store Santa? -- Why should suicide bombers buy life insurance? -- Unbelievable stories about apathy and altruism -- The fix is in--and it's cheap and simple -- What do Al Gore and Mount Pinatubo have in common? -- Epilogue: Monkeys are people too.
511 0# - PARTICIPANT OR PERFORMER NOTE
Participant or performer note Narrator: Stephen J. Dubner (Amer.)
520 ## - SUMMARY, ETC.
Summary, etc. Whether investigating a solution to global warming or explaining why the price of oral sex has fallen so drastically, Levitt and Dubner mix smart thinking and great storytelling to show how people respond to incentives.
650 #0 - SUBJECT ADDED ENTRY--TOPICAL TERM
Topical term or geographic name entry element Economics
General subdivision Psychological aspects.
650 #0 - SUBJECT ADDED ENTRY--TOPICAL TERM
Topical term or geographic name entry element Economics
General subdivision Sociological aspects.
700 1# - ADDED ENTRY--PERSONAL NAME
Personal name Dubner, Stephen J.
942 ## - ADDED ENTRY ELEMENTS (KOHA)
Source of classification or shelving scheme
Koha item type Books - Non Ficton
Holdings
Withdrawn status Lost status Source of classification or shelving scheme Damaged status Not for loan Collection code Permanent Location Current Location Shelving location Date acquired Total Checkouts Total Renewals Full call number Barcode Date due Date last seen Date last checked out Price effective from Koha item type
          Non-Fiction KH8 Senior School Library KH8 Senior School Library Non Fiction 2019-08-02 4 3 330 LEV 3KHSL000101207 2025-09-18 2025-06-17 2025-06-17 2019-08-02 Books - Non Ficton

Powered By KH8 IT Dept